LegaciesCW Quiz - Statistics

General Stats
  • This quiz has been taken 198 times
  • The average score is 15 of 30
Answer Stats
Question Answer % Correct
Who said? "Why not try all three" Hope
95%
What color is the dress that Josie wears at the end of 1x11? Blue
84%
Who gave Caroline's dress to her? Klaus
80%
Who set Hope's old dorm on fire? Josie
79%
Can gargoyles harm humans? No
77%
Who killed Landon, revealing him to be a supernatural? MG
75%
What supernatural being is he? ^ Phoenix
72%
In episode 2x15, MG was kissed by? Lizzie
69%
About how many times did Hope and Lizzie die in the game in episode 2x05? 10
68%
Who's trapped inside? ^ Kai
66%
What is the name of the company that owns Malivore? Triad
64%
What is the ascendant a lock for? A prison world
62%
Who did Rafael kill, turning him into a werewolf? His girlfriend
61%
What is the cure to the bullet? ^ Hope's blood
59%
How do you trigger the werewolf curse? Kill someone
54%
Who said it? "Hello, brother" Landon
53%
In episode 1x16, Josie gets shot. Where did the bullet come from? Malivore
52%
What is Hope's aunt name? Freya Mikaelson
46%
How does Lizzie describe herself? Broken
45%
What was the monster that appeared in episodes 1x06 and 1x07? Necromancer
41%
What does the Croatoan hunt? Secrets
32%
Who plays MG? Quincy Fouse
31%
How did Hope describe her relationship with Landon? Epic
28%
Who Lulu Antariksa play? Penelope Park
28%
Hope gave Josie a necklace for her birthday. What does the necklace do? Makes quiet things heard
26%
Who plays Hope? Danielle Rose Rusell
23%
What is the demon called in episode 2x04? Oni
23%
What is the first monster that comes back in 2x02? Cyclops
19%
What is the wolf-like monster in episode 2x03? Shunka
10%
In episode 1x11, what song Josie sings? Stepping Into The Lights
1%
No matching quizzes found
Score Distribution
Percent of People with Each Score
Percentile by Number Answered
Your Score History
You have not taken this quiz